Ústredným motívom Európskej únie je predovšetkým človek s predsedom Ústavného súdu Slovenskej republiky Jánom Mazákom

Bibliographic Details
Main Authors: Hutňan, Marián (ain), Mazák, Ján, 1954- (Author)
Format: Article
Language:Slovak
PhysicalDescription:Fotogr.
ISSN:1335-4701
Subjects:

MARC

LEADER 00000nab a2200000 a 4500
001 vtls000882745
003 SK-MaSNL
005 20260304035233.0
008 140301c2004 xo 0 slo
015 |a SNBRB2004/08-24860 
035 |a CLN000234234 
040 |a SNKBUCL  |b slo  |c SNKBUCL  |e AACR2 
041 0 |a slo 
044 |a xo  |c SK 
080 |a 342:340.137:339.923(4)  |2 1997 
080 |a 347.991:339.923(4)  |2 1997 
080 |a 339.923(4)  |2 1997 
100 1 |a Hutňan, Marián  |4 ain  |9 838495 
245 1 0 |a Ústredným motívom Európskej únie je predovšetkým človek  |b s predsedom Ústavného súdu Slovenskej republiky Jánom Mazákom  |c [zhováral sa] Marián Hutňan 
300 |b Fotogr. 
610 2 7 |a Európska únia  |2 SNKKA  |9 29861 
650 0 7 |a ústavné súdy  |2 SNKPH  |9 79129 
650 0 7 |a ústavné právo  |2 SNKPH  |9 2256 
650 0 7 |a harmonizácia práva  |2 SNKPH  |9 89744 
655 7 |a články z novín a časopisov  |2 SNK  |9 267496 
700 1 |a Mazák, Ján,  |d 1954-  |4 aut  |9 109435 
773 0 |t Hospodárske noviny  |g Roč. 12, č. 48 (10.3.2004)  |x 1335-4701 
773 0 |t [Príl.] Európa  |g S. 21  |x 1335-4701 
850 |a Slovenská národná knižnica v Martine 
852 |a SNK  |b KIS3GCP 
992 |a RBX 
999 |c 2656972  |d 2658902